Desarrollo de una guía metodológica para el diseño y evaluación de infraestructura peatonal
Збережено в:
| Автор: | |
|---|---|
| Інші автори: | |
| Формат: | Книга |
| Мова: | Spanish |
| Опубліковано: |
[San José], Costa Rica
2021
|
| Предмети: | |
| Онлайн доступ: | https://cedi.ucr.ac.cr/civil/desarrollo-de-una-guia-metodologica-para-el-diseno-y-evaluacion-de-infraestructura-peatonal/ |
| Теги: |
Додати тег
Немає тегів, Будьте першим, хто поставить тег для цього запису!
|
MARC
| LEADER | 00000nam a2200000Ia 4500 | ||
|---|---|---|---|
| 003 | 013404 | ||
| 005 | 20230502153112.0 | ||
| 008 | 140116s2021 cr a 000 ||spa d | ||
| 040 | |c cru CEDI | ||
| 100 | |a Montero Quesada, Cristhian David, 1992- |9 152 | ||
| 245 | |a Desarrollo de una guía metodológica para el diseño y evaluación de infraestructura peatonal | ||
| 260 | |a [San José], Costa Rica |c 2021 | ||
| 500 | |a Proyecto de graduación (licenciatura en ingeniería civil)--Universidad de Costa Rica. Facultad de Ingeniería. Escuela de Ingeniería Civil | ||
| 501 | |a Directora de Proyecto de Graduación: Ing. Diana Jiménez Romero, Msc, MBA. | ||
| 650 | |x PEATONES |x ZONAS PEATONALES - PLANIFICACION |x ZONAS PEATONALES - DISEÑO Y CONSTRUCCION - NORMAS |x PEATONES - MEDIDAS DE SEGURIDAD |x CONSTRUCCION DE CARRETERAS |x ESTRUCTURAS DE ACCESO - EVALUACION - GUIAS |x SEGURIDAD VIAL | ||
| 700 | |9 85 |a Jiménez Romero, Diana, 1972- |d Directora del TFG | ||
| 856 | |u https://cedi.ucr.ac.cr/civil/desarrollo-de-una-guia-metodologica-para-el-diseno-y-evaluacion-de-infraestructura-peatonal/ |y https://cedi.ucr.ac.cr/civil/desarrollo-de-una-guia-metodologica-para-el-diseno-y-evaluacion-de-infraestructura-peatonal/ | ||
| 942 | |c CEDI |h TFG 8555 |2 ddc |6 TFG_8555_000000000000000 | ||
| 999 | |c 21906 |d 21906 | ||
